Daň z pridanej hodnoty. 3.

3. záverečná časť pojednania o dani z pridanej hodnoty. Charakteristika podmienok oslobodenia od dane, registrácie a sankcií za oneskorené platenie daní.

Uložené v:
Podrobná bibliografia
Hlavný autor: Klak, J.
Médium: Kapitola
Jazyk:Slovak
Predmet:
Tagy: Pridať tag
Žiadne tagy, Buďte prvý, kto otaguje tento záznam!

MARC

LEADER 00000naa a2200000 4500
001 r010300
005 20220831085518.7
041 0 |a slo 
044 |a [CS] 
245 1 0 |a Daň z pridanej hodnoty. 3.  |c J. Klak 
520 |a 3. záverečná časť pojednania o dani z pridanej hodnoty. Charakteristika podmienok oslobodenia od dane, registrácie a sankcií za oneskorené platenie daní. 
610 2 0 |a dane z hodnoty pridanej 
610 2 0 |a úľavy daňové 
610 2 0 |a zákony 
610 2 0 |a ČSFR 
610 2 0 |a 1992 
610 2 0 |a metodika 
610 2 0 |a oslobodenie od daní 
610 2 0 |a registre 
610 2 0 |a podnikatelia 
610 2 0 |a sankcie 
610 2 0 |a penále 
100 1 |a Klak, J.